Streamline English. Departures : Workbook B. Units 41-80 /

Guardado en:
Detalles Bibliográficos
Autores principales: Viney, Peter (Autor), Hartley, Bernard (Autor)
Formato: Libro
Lenguaje:inglés
Publicado: Oxford : Oxford University Press, 1993
Edición:26.impression
Etiquetas: Agregar Etiqueta
Sin Etiquetas, Sea el primero en etiquetar este registro!

MARC

LEADER 00000nam a22000003a 4500
001 stu21968
005 20150617225751.1
008 931207s1993----uk------------------eng-d
020 |a 0-19-432234-3 
040 |a STU  |b slo 
041 0 |a eng 
044 |a uk 
080 |a 802.0 
100 1 |a Viney, Peter  |4 aut 
245 1 |a Streamline English. Departures :  |b Workbook B. Units 41-80 /  |c [aut.]Hartley,Bernard, Viney,Peter 
250 |a 26.impression 
260 |a Oxford :  |b Oxford University Press,  |c 1993 
300 |a 40 s :  |b Obr.,tab 
700 1 |a Hartley, Bernard  |4 aut 
996 |b 284J011324  |c J*88180  |l JJSK  |s A  |a 24  |w stu21968_0001 
996 |b C92314  |c C*92314  |l CCXVII  |s P  |a 0  |w stu21968_0002